LEADER 01409nam 2200397Ia 450 001 996393262203316 005 20221108042457.0 035 $a(CKB)4940000000118304 035 $a(EEBO)2240946861 035 $a(OCoLC)9920135500971 035 $a(EXLCZ)994940000000118304 100 $a19900822d1632 uy | 101 0 $aeng 135 $aurbn||||a|bb| 200 10$a[Book of common prayer]$b[electronic resource] 210 $aImprinted at London $cBy Robert Barker ...$d1632 215 $a[104] p 300 $aT.p. lacking; title suggested by STC (2nd ed.). 300 $aImprint taken from colophon. 300 $aSTC (2nd ed.) suggests the following imprint: R. Barker a. assignes of J. Bill, 1633 (1632). 300 $a"Cum priuilegio Regiæ Maiestatis"--Colophon. 300 $aSignatures: A?(-A1.4?) b? B-H? I?. 300 $aIncludes "The Psalmes of David, of that translation, which is commonly vsed in the churches." 300 $aBound and filmed with STC 23039.7, 2305, and 2633 following. 300 $aReproduction of original in the St. Hugh's College (University of Oxford). Library. 330 $aeebo-0152 606 $aPsalters 615 0$aPsalters. 712 02$aChurch of England. 801 0$bEBL 801 1$bEBL 801 2$bWaOLN 906 $aBOOK 912 $a996393262203316 996 $aBook of common prayer$92307992 997 $aUNISA